Systems of innovation selected essays in evolutionary economics
Gespeichert in:
| 1. Verfasser: | |
|---|---|
| Format: | Buch |
| Sprache: | Englisch |
| Veröffentlicht: |
Cheltenham
Edward Elgar
2008
|
| Schlagworte: | |
| Tags: |
Keine Tags, Fügen Sie das erste Tag hinzu!
|
MARC
| LEADER | 00000nam a2200000 4500 | ||
|---|---|---|---|
| 001 | 0169049 | ||
| 005 | 20240312120034.4 | ||
| 020 | |a 978-1-84720-385-4 | ||
| 041 | 0 | |a eng | |
| 044 | |a GB | ||
| 245 | 1 | 0 | |a Systems of innovation |b selected essays in evolutionary economics |c Christopher Freeman |
| 264 | 1 | |a Cheltenham |b Edward Elgar |c 2008 | |
| 300 | |a xix, 257 s. | ||
| 610 | 2 | 0 | |a inovácia |
| 610 | 2 | 0 | |a konkurencieschopnosť |
| 610 | 2 | 0 | |a rozvoj technický |
| 100 | 1 | |a Freeman, Christopher | |